000 01688nam a22002657a 4500
005 20260515112227.0
008 260514t2025 |||||||| |||| 00| 0 spa d
020 _a9786289707045
040 _aCO-BoUCM
_bspa
_cStefania Borbon
_dStefania Borbon
245 _aInforme del Comité Especial del Parlamento Británico sobre Putumayo :
_bjunto con las actuaciones del comité, acta de testimonios y apéndices /
_cedición y traducción al español de Felipe Cárdenas Arroyo y Margarita Cárdenas Arroyo ; prólogo de Roberto Pineda Camacho.
260 _aBogotá, D.C., Colombia :
_bAcademia Colombiana de Historia,
_c2025
300 _a629 páginas
490 _aColección Biblioteca de Historia Nacional
_v4-5
504 _aIncluye referencias bibliográficas
520 _aDocumento histórico que traduce al español el juicio adelantado por el Parlamento Británico en 1912 para investigar las atrocidades cometidas por la Casa Arana y la Peruvian Amazon Company en el Putumayo. Incluye testimonios sobre el régimen esclavista y la violencia contra las comunidades indígenas y el medio ambiente.
650 7 _aCrímenes de lesa humanidad
_ySiglo XX
_zPutumayo (Región, Colombia)
_9189245
650 7 _aIndígenas de Colombia
_xMaltrato
_zPutumayo (Región)
_9189246
650 7 _aIndustria del caucho
_xAspectos sociales
_zAmazonia (Región)
_9189247
700 1 _aCárdenas Arroyo, Felipe
_eeditor
_9167173
700 1 _aCárdenas Arroyo, Margarita
_etraductor
_9189248
700 1 _aPineda Camacho, Roberto
_eprólogo
_971862
710 _aAcademia Colombiana de Historia
_93835
942 _2DEWEY
_a21
_cLIBRO
_e1
_h986.1063
_mG733i
999 _c326403
_d326403